Shahra waqt per kamyabi ka safar(شاہراہ وقت پر کامیابی کا سفر) (Record no. 102397)
[ view plain ]
| 000 -LEADER | |
|---|---|
| fixed length control field | 00459nam a22001457a 4500 |
| 005 - DATE AND TIME OF LATEST TRANSACTION | |
| control field | 20180129125553.0 |
| 008 - FIXED-LENGTH DATA ELEMENTS--GENERAL INFORMATION | |
| fixed length control field | 180129b xxu||||| |||| 00| 0 eng d |
| 040 ## - CATALOGING SOURCE | |
| Transcribing agency | PK-LaUMT |
| 082 ## - DEWEY DECIMAL CLASSIFICATION NUMBER | |
| Classification number | PKAC 158.1 |
| Item number | BAS-S |
| 100 ## - MAIN ENTRY--PERSONAL NAME | |
| Personal name | Bashir Jumma , Muhammad |
| 245 ## - TITLE STATEMENT | |
| Title | Shahra waqt per kamyabi ka safar(شاہراہ وقت پر کامیابی کا سفر) |
| Statement of responsibility, etc | Muhammad Bashir Jumma |
| 260 ## - PUBLICATION, DISTRIBUTION, ETC. (IMPRINT) | |
| Place of publication, distribution, etc | لاہور: |
| Name of publisher, distributor, etc | جنگ پبلشرز، |
| Date of publication, distribution, etc | 1994 |
| 300 ## - PHYSICAL DESCRIPTION | |
| Extent | 387 |
| 942 ## - ADDED ENTRY ELEMENTS (KOHA) | |
| Koha item type | Books |
| Withdrawn status | Lost status | Damaged status | Home library | Current library | Date acquired | Full call number | Barcode | Date last seen | Price effective from | Koha item type | Copy number |
|---|---|---|---|---|---|---|---|---|---|---|---|
| UMT Main Campus | UMT Main Campus | 2018-01-29 | PKAC 158.1 BAS-S | 118419 | 2018-01-29 | 2018-01-29 | Books | ||||
| UMT Main Campus | UMT Main Campus | 2018-01-29 | PKAC 158.1 BAS-S | 118438 | 2018-01-29 | 2018-01-29 | Books | C-2 |
